| 000 | 01021nam a22002777a 4500 | ||
|---|---|---|---|
| 999 |
_c92906 _d92906 |
||
| 005 | 20230627155434.0 | ||
| 010 | _aENG-112673 ENG-137129 | ||
| 020 |
_c135.00 _a8123763077 |
||
| 020 |
_a9788123763071 _c135.00 |
||
| 035 | _aEN-96205 EN-120661 | ||
| 037 | _bDBAD/PUB | ||
| 082 | _a909.04914 | ||
| 100 | _aLalla, Kenneth R. | ||
| 245 | 0 | 0 |
_aI am a dream to my village: _bfrom India to Trinidad/ _cby Kenneth R. Lalla |
| 260 |
_aNew Delhi _bNational Book Trust _c2011 |
||
| 270 |
_aNehru Bhawan, 5 Institutional area, Phase-ll Vasant Kunj _bNew Delhi _e110070 |
||
| 300 |
_a401p., [8] p. of plates : _c22cm(pbk) _bill.(chiefly col.) |
||
| 490 | _aIndian diaspora studies | ||
| 500 | _a Includes bibliographical references. | ||
| 600 | _aLalla, Kenneth R. | ||
| 650 |
_a South Asian diaspora _vBiography. |
||
| 650 |
_a East Indian diaspora _vBiography. |
||
| 650 |
_a East Indians _zCaribbean Area _vBiography. |
||
| 650 |
_aLawyers _zTrinidad _vBiography. |
||
| 942 |
_2ddc _cEN _mLAL _h909.04914 |
||